Návrh konštrukcie zariadenia pre meranie rezných síl pri brúsení valcových plôch na hrotovej brúske BU16
Gespeichert in:
| 1. Verfasser: | |
|---|---|
| Weitere Verfasser: | |
| Format: | Manuskript Buch |
| Sprache: | Slowakisch |
| Veröffentlicht: |
2018
|
| Schlagworte: | |
| Online-Zugang: | http://is.stuba.sk/zp/portal_zp.pl?podrobnosti=138151 |
| Tags: |
Keine Tags, Fügen Sie das erste Tag hinzu!
|
MARC
| LEADER | 00000ntm a22000003a 4500 | ||
|---|---|---|---|
| 001 | stuzp70505 | ||
| 003 | SK-STU | ||
| 005 | 20180820162038.9 | ||
| 007 | ta | ||
| 008 | 150427s2015----xo-----f-mn---000-0-slo-d | ||
| 040 | |a STU |b slo | ||
| 041 | 0 | |a slo | |
| 100 | 1 | |a Matuský, Marek |u 020070 |4 aut |U SjF Strojnícka fakulta |T SjF Ústav výrobných systémov, enviromentálnej techniky a manažment kvality |X 63125 |U J0070 |Y 804 |7 63125 | |
| 242 | 0 | 1 | |a Design of a device for measuring the cutting forces for grinding cylindrical surfaces on a center grinder machine BU16 |y eng |
| 245 | 1 | 0 | |a Návrh konštrukcie zariadenia pre meranie rezných síl pri brúsení valcových plôch na hrotovej brúske BU16 |
| 260 | |c 2018 | ||
| 650 | 4 | |a brúsenie |2 slo | |
| 650 | 4 | |a rezné sily |2 slo | |
| 650 | 4 | |a meranie rezných síl |2 slo | |
| 650 | 4 | |a dynamometer |2 slo | |
| 650 | 4 | |a cutting forces |2 eng | |
| 650 | 4 | |a dynamometer |2 eng | |
| 650 | 4 | |a grinding |2 eng | |
| 650 | 4 | |a measuring of cutting forces |2 eng | |
| 700 | 1 | |a Bachratý, Michal |u 020070 |k Z1 |4 ths |U SjF Strojnícka fakulta |T SjF Ústav výrobných systémov, enviromentálnej techniky a manažment kvality |X 2443 |U J0070 |Y 804 |7 A000002443 | |
| 856 | 4 | |u http://is.stuba.sk/zp/portal_zp.pl?podrobnosti=138151 | |
| 996 | |b 284J045497 |c J* 2857/DDP |l JJSK |s A |a 24 |w stuzp70505_0001 | ||